[Event "España ch Universitario 2007"]
[Site "Cartagena ESP"]
[Date "2007.05.08"]
[Round "3.72"]
[White "Millan Garcia, Francisco Jose"]
[Black "Catalina Ledesma, Eduardo"]
[Result "0-1"]
[WhiteElo "2158"]
[BlackElo "1973"]
[PlyCount "104"]
[EventDate "2007.05.06"]
[EventType "swiss"]
[EventRounds "9"]
[EventCountry "ESP"]
[Source "lmi"]
[SourceDate "2007.05.06"]

1. e4 d5 2. exd5 Nf6 3. Bb5+ Bd7 4. Bc4 a6 5. a4 Bg4 6. Be2 Bxe2 7. Qxe2 Qxd5
8. Nf3 Nc6 9. Nc3 Qh5 10. d3 e6 11. Ne4 O-O-O 12. Bf4 Nxe4 13. Qxe4 Qg6 14.
Qxg6 hxg6 15. O-O Nd4 16. Nxd4 Rxd4 17. Be5 Rd5 18. Bg3 Bd6 19. Rae1 Rdh5 20.
h3 Rg5 21. Kh2 Kd7 22. Bxd6 cxd6 23. Re4 Rc8 24. c3 Rd5 25. Rd1 b5 26. axb5
Rxb5 27. Rd2 Rb3 28. Ra4 Ra8 29. Kg3 Ra7 30. Rc4 a5 31. Kf3 a4 32. Ke3 Ra5 33.
f4 d5 34. Rd4 a3 35. bxa3 Rxc3 36. a4 Ra3 37. Rb4 R5xa4 38. Rb7+ Ke8 39. Rb8+
Ke7 40. Rb7+ Kf6 41. g4 g5 42. fxg5+ Kg6 43. Rc2 Re4+ 44. Kd2 Rf4 45. Ke2 Kxg5
46. Rcc7 Kg6 47. Ke3 e5 48. Ke2 Ra2+ 49. Ke1 Rf3 50. h4 Re3+ 51. Kf1 Rxd3 52.
Rc1 Rf3+ 0-1

[Event "España ch Universitario 2007"]
[Site "Cartagena ESP"]
[Date "2007.05.08"]
[Round "3.73"]
[White "Mateos Gomez, Juan Francisco"]
[Black "De Vega Fernandez, Francisco Javier"]
[Result "1-0"]
[WhiteElo "2087"]
[BlackElo "1820"]
[PlyCount "111"]
[EventDate "2007.05.06"]
[EventType "swiss"]
[EventRounds "9"]
[EventCountry "ESP"]
[Source "lmi"]
[SourceDate "2007.05.06"]

1. e4 c5 2. Nc3 d6 3. Nf3 Nc6 4. d4 cxd4 5. Nxd4 g6 6. Be2 Bg7 7. Nb3 a6 8. O-O
Nf6 9. Re1 O-O 10. Bf1 Qc7 11. Bg5 e6 12. Qf3 Nd7 13. Rad1 Nde5 14. Qg3 h6 15.
Bc1 Rd8 16. f4 Nd7 17. Qh4 Nb6 18. Re3 Ne7 19. Red3 Nc4 20. a4 b5 21. axb5 axb5
22. Nxb5 Qb6+ 23. N5d4 Nc6 24. Kh1 Nb4 25. Rg3 Na2 26. Nc6 Ba6 27. Nxd8 Nxc1
28. Nxc1 Rxd8 29. f5 g5 30. Qh5 Ne3 31. Rxe3 Bxf1 32. Rb3 Qf2 33. Qf3 Qxf3 34.
gxf3 Bh3 35. fxe6 Bxe6 36. Rb6 d5 37. c3 Rd7 38. Nb3 dxe4 39. Rxd7 Bxd7 40.
fxe4 f5 41. Nc5 Be8 42. exf5 Bh5 43. Kg2 Bg4 44. f6 Bf8 45. Ne4 Bf5 46. Kf3 g4+
47. Kf4 Bc8 48. Rb8 Bd7 49. Ke5 h5 50. Nd6 h4 51. Kf4 Be6 52. c4 Bd7 53. Kg5 g3
54. Kg6 Be6 55. f7+ Bxf7+ 56. Nxf7 1-0

[Event "España ch Universitario 2007"]
[Site "Cartagena ESP"]
[Date "2007.05.08"]
[Round "3.74"]
[White "Martinez-tafalla Lopez, Manuel"]
[Black "Marti Mascaro, Juan"]
[Result "0-1"]
[WhiteElo "1848"]
[BlackElo "2073"]
[PlyCount "70"]
[EventDate "2007.05.06"]
[EventType "swiss"]
[EventRounds "9"]
[EventCountry "ESP"]
[Source "lmi"]
[SourceDate "2007.05.06"]

1. d4 g6 2. c4 Bg7 3. e4 d6 4. Nc3 Nc6 5. Be3 e5 6. d5 Nce7 7. Bd3 f5 8. f4 Nf6
9. fxe5 dxe5 10. Nf3 Ng4 11. Bc5 b6 12. Ba3 Ne3 13. Qe2 f4 14. c5 Bd7 15. Nd1
Ng4 16. h3 Nh6 17. c6 Bc8 18. Ng5 Nxc6 19. Bb5 Qxg5 20. Bxc6+ Bd7 21. Bxa8 Bf8
22. Rc1 Bxa3 23. bxa3 O-O 24. Bc6 Bc8 25. Qf3 Qh4+ 26. Nf2 Nf7 27. O-O Ng5 28.
Qb3 f3 29. d6+ Be6 30. Bd5 Qg3 31. Bxe6+ Kg7 32. Rxc7+ Kh8 33. Rxh7+ Kxh7 34.
Bg8+ Rxg8 35. Qxf3 Nxf3+ 0-1

[Event "España ch Universitario 2007"]
[Site "Cartagena ESP"]
[Date "2007.05.08"]
[Round "4.1"]
[White "Lopez Del Alamo, Antonio"]
[Black "Perez Candelario, Manuel"]
[Result "1/2-1/2"]
[WhiteElo "2289"]
[BlackElo "2511"]
[PlyCount "58"]
[EventDate "2007.05.06"]
[EventType "swiss"]
[EventRounds "9"]
[EventCountry "ESP"]
[Source "lmi"]
[SourceDate "2007.05.06"]

1. e4 e5 2. Bc4 Nf6 3. d3 Nc6 4. Nc3 Na5 5. Nge2 Be7 6. O-O d6 7. Bb3 Nxb3 8.
axb3 O-O 9. Ng3 d5 10. Qe2 dxe4 11. dxe4 a6 12. Rd1 Qe8 13. Nf5 Bd8 14. Bg5 Be6
15. Rxd8 Qxd8 16. Rd1 Qe8 17. Bxf6 Bxf5 18. exf5 gxf6 19. Nd5 Qd8 20. Rd3 Kh8
21. Qh5 Rg8 22. Qh6 Qf8 23. Qh4 Rg5 24. Nxf6 Qg7 25. Rg3 Rd8 26. Kf1 Rxg3 27.
hxg3 h6 28. Ne4 Rd4 29. f3 f6 1/2-1/2

[Event "España ch Universitario 2007"]
[Site "Cartagena ESP"]
[Date "2007.05.08"]
[Round "4.2"]
[White "Llaneza Vega, Marcos"]
[Black "Gonzalez Somoza, Oliver"]
[Result "0-1"]
[WhiteElo "2455"]
[BlackElo "2309"]
[PlyCount "78"]
[EventDate "2007.05.06"]
[EventType "swiss"]
[EventRounds "9"]
[EventCountry "ESP"]
[Source "lmi"]
[SourceDate "2007.05.06"]

1. e4 c5 2. Nf3 e6 3. Nc3 Nc6 4. d4 cxd4 5. Nxd4 a6 6. Be3 Nf6 7. Bd3 Qc7 8.
O-O b5 9. a3 Bb7 10. Kh1 Nxd4 11. Bxd4 e5 12. Be3 Be7 13. Qf3 O-O 14. Rad1 Bxa3
15. Ne2 Be7 16. Ng3 d5 17. Nf5 dxe4 18. Qg3 Nh5 19. Qg4 exd3 20. Qxh5 dxc2 21.
Qg4 Bf6 22. Rd7 Qc6 23. Nh6+ Kh8 24. Nxf7+ Rxf7 25. Rxf7 Kg8 26. Rxf6 Qxf6 27.
Rc1 Rc8 28. b4 Qg6 29. Qxg6 hxg6 30. f3 Rc4 31. Kg1 a5 32. bxa5 b4 33. Re1 b3
34. Bc1 Rd4 35. Kf2 Rd1 36. Ba3 Rb1 37. Rxe5 Ra1 38. Bb2 Ra2 39. Bc1 b2 0-1

[Event "España ch Universitario 2007"]
[Site "Cartagena ESP"]
[Date "2007.05.08"]
[Round "4.3"]
[White "Alcazar Jimenez, Jesus Alberto"]
[Black "Trent, Lawrence"]
[Result "0-1"]
[WhiteElo "2274"]
[BlackElo "2453"]
[PlyCount "136"]
[EventDate "2007.05.06"]
[EventType "swiss"]
[EventRounds "9"]
[EventCountry "ESP"]
[Source "lmi"]
[SourceDate "2007.05.06"]

1. e4 e5 2. Nf3 Nc6 3. Bb5 a6 4. Ba4 Nf6 5. O-O Nxe4 6. d4 b5 7. Bb3 d5 8. dxe5
Be6 9. c3 Bc5 10. Nbd2 O-O 11. Qe2 Bf5 12. a4 Rb8 13. axb5 axb5 14. Ra6 Bb6 15.
Nxe4 dxe4 16. Ng5 Nxe5 17. Nxe4 Qd3 18. Qxd3 Nxd3 19. Ng3 Bg6 20. h4 Nc5 21.
Ra3 Bd3 22. Re1 Rfe8 23. Be3 Nxb3 24. Rxb3 f5 25. Rb4 g6 26. Rd1 Bc4 27. Bxb6
Rxb6 28. Rd4 c5 29. Rdxc4 cxb4 30. Rxb4 Re5 31. f4 Rc5 32. Rd4 Rb7 33. h5 Rc4
34. hxg6 hxg6 35. Ne2 Kf7 36. Kf2 Ke6 37. Ke3 Rxd4 38. Nxd4+ Kd5 39. Nf3 Ra7
40. Nh4 Ra2 41. Nxg6 Rxb2 42. Ne7+ Ke6 43. Nc6 Rxg2 44. Nd4+ Kd5 45. Nxf5 Rh2
46. Nd4 Rh3+ 47. Kd2 Kc4 48. Ne2 Rd3+ 49. Kc2 Rf3 50. Kd2 Rf1 51. Ke3 Kc5 52.
Nd4 Re1+ 53. Kd3 Rd1+ 54. Ke3 Kc4 55. Ne2 Rf1 56. Nd4 Rb1 57. Ne2 Rb3 58. Kd2
Ra3 59. f5 Ra6 60. Ke3 Kd5 61. Kf4 Ra2 62. Nd4 b4 63. f6 bxc3 64. Nb5 Rf2+ 65.
Ke3 c2 66. Nc3+ Kc4 67. Na2 Rxf6 68. Kd2 Kb3 0-1

[Event "España ch Universitario 2007"]
[Site "Cartagena ESP"]
[Date "2007.05.08"]
[Round "4.4"]
[White "Rodriguez Fontecha, Marcos"]
[Black "Alsina Leal, Daniel"]
[Result "0-1"]
[WhiteElo "2241"]
[BlackElo "2428"]
[PlyCount "82"]
[EventDate "2007.05.06"]
[EventType "swiss"]
[EventRounds "9"]
[EventCountry "ESP"]
[Source "lmi"]
[SourceDate "2007.05.06"]

1. d4 d5 2. Nf3 Nf6 3. Bf4 c5 4. c3 Qb6 5. Qb3 c4 6. Qxb6 axb6 7. Nbd2 h6 8. e3
Bf5 9. Be2 e6 10. O-O Be7 11. b3 b5 12. bxc4 bxc4 13. a4 O-O 14. Ne5 Nc6 15. h3
Ra6 16. f3 Rfa8 17. e4 Bh7 18. Rfb1 Nd8 19. Bd1 dxe4 20. fxe4 Nxe4 21. Nxe4
Bxe4 22. Rb2 Bd5 23. Nd7 b5 24. Nb8 Rb6 25. Rab1 b4 26. cxb4 c3 27. Rf2 Rxb4
28. Rxb4 Bxb4 29. Nd7 Ba5 30. Nc5 Nc6 31. Be3 Rb8 32. Bc2 Rb2 33. Nd3 Ra2 34.
Nf4 Nb4 35. Bd3 Nxd3 36. Nxd3 Ra1+ 37. Rf1 Rxa4 38. Ne5 f6 39. Ng6 Be4 40. Nf4
Kf7 41. Rc1 Ra2 0-1

[Event "España ch Universitario 2007"]
[Site "Cartagena ESP"]
[Date "2007.05.08"]
[Round "4.5"]
[White "Almagro Llamas, Pablo"]
[Black "Pons Carreras, David"]
[Result "1/2-1/2"]
[WhiteElo "2394"]
[BlackElo "2240"]
[PlyCount "40"]
[EventDate "2007.05.06"]
[EventType "swiss"]
[EventRounds "9"]
[EventCountry "ESP"]
[Source "lmi"]
[SourceDate "2007.05.06"]

1. e4 e6 2. d4 d5 3. Nc3 dxe4 4. Nxe4 Nd7 5. Nf3 Ngf6 6. Nxf6+ Nxf6 7. Bd3 c5
8. O-O cxd4 9. Nxd4 Be7 10. b3 O-O 11. Bb2 Qc7 12. Qe2 Rd8 13. c4 a6 14. Rfd1
b6 15. Rac1 Bb7 16. Bb1 Qf4 17. h3 Bc5 18. g3 Qc7 19. Kh2 Rd7 20. Nf3 Qc6
1/2-1/2

[Event "España ch Universitario 2007"]
[Site "Cartagena ESP"]
[Date "2007.05.08"]
[Round "4.6"]
[White "Ehsan, Ali"]
[Black "Garcia Castro, Pablo"]
[Result "1-0"]
[WhiteElo "2223"]
[BlackElo "2379"]
[PlyCount "135"]
[EventDate "2007.05.06"]
[EventType "swiss"]
[EventRounds "9"]
[EventCountry "ESP"]
[Source "lmi"]
[SourceDate "2007.05.06"]

1. e4 d6 2. d4 Nf6 3. Nc3 Nbd7 4. f3 c6 5. Be3 e5 6. Nge2 b5 7. d5 cxd5 8. Nxd5
Bb7 9. Nxf6+ Nxf6 10. Nc3 a6 11. a4 b4 12. Nd5 Nxd5 13. exd5 Rc8 14. a5 Be7 15.
Qd2 Qd7 16. Bd3 O-O 17. O-O f5 18. Qxb4 f4 19. Bf2 Bxd5 20. Bxa6 Rxc2 21. Bd3
Rcc8 22. Rfc1 Bc6 23. Ba6 Rc7 24. Bb6 Ra7 25. Rxc6 Rxa6 26. Rc7 Qe6 27. Rxe7
Rxb6 28. Rxg7+ Kxg7 29. Qxb6 Qd5 30. a6 e4 31. Qb7+ Qxb7 32. axb7 Rb8 33. Ra7
Kf6 34. fxe4 Ke5 35. Kf2 Kxe4 36. Ra4+ Kd5 37. Rb4 Kc5 38. Rb3 d5 39. Rc3+ Kd6
40. Rb3 Kc5 41. Ke2 h5 42. Kd3 h4 43. h3 d4 44. Kd2 Kc4 45. Kc2 d3+ 46. Rxd3
Rxb7 47. b3+ Kc5 48. Rf3 Rf7 49. Kd3 Kd5 50. b4 Ke5 51. Kc4 Rc7+ 52. Kb3 Ke4
53. b5 Rg7 54. Rf2 Ke3 55. Rc2 Kd3 56. Rf2 Ke3 57. Ra2 f3 58. gxf3 Kxf3 59. Kc4
Rc7+ 60. Kd4 Rd7+ 61. Kc4 Rc7+ 62. Kb4 Rc1 63. Rb2 Ke4 64. b6 Rc8 65. Kb5 Kd5
66. Rd2+ Ke6 67. b7 Rc3 68. Rb2 1-0

[Event "España ch Universitario 2007"]
[Site "Cartagena ESP"]
[Date "2007.05.08"]
[Round "4.7"]
[White "Andres Gonzalez, Ivan"]
[Black "Burguete Archel, Eduardo"]
[Result "1-0"]
[WhiteElo "2372"]
[BlackElo "2161"]
[PlyCount "111"]
[EventDate "2007.05.06"]
[EventType "swiss"]
[EventRounds "9"]
[EventCountry "ESP"]
[Source "lmi"]
[SourceDate "2007.05.06"]

1. Nf3 Nf6 2. g3 g6 3. Bg2 Bg7 4. O-O O-O 5. d4 d6 6. Nc3 Nbd7 7. e4 e5 8. h3
Re8 9. Re1 c6 10. a4 Qc7 11. a5 Nf8 12. d5 cxd5 13. exd5 N8d7 14. Be3 a6 15.
Ra4 b5 16. axb6 Nxb6 17. Ra2 Bb7 18. Bxb6 Qxb6 19. Nd2 Rac8 20. Na4 Qc7 21. c4
Nd7 22. b3 Nc5 23. Nxc5 Qxc5 24. Ne4 Qb6 25. g4 h6 26. Qf3 Rf8 27. Qe3 Qc7 28.
Ng3 Kh7 29. Be4 Rb8 30. Kg2 Bc8 31. Qd3 Qe7 32. Re3 Qg5 33. Rf3 Kg8 34. Qd2 Qh4
35. Qd3 h5 36. Bxg6 hxg4 37. hxg4 Bxg4 38. Bf5 Bxf3+ 39. Qxf3 e4 40. Bxe4 Rb6
41. Re2 Re8 42. Bc2 Rbb8 43. Re4 Rxe4 44. Bxe4 Be5 45. Nf5 Qg5+ 46. Kf1 Qc1+
47. Kg2 Qg5+ 48. Kf1 f6 49. Qh3 Rb7 50. Ne3 Rg7 51. Qe6+ Rf7 52. c5 dxc5 53. d6
f5 54. Bd5 Qf6 55. d7 Qxe6 56. d8=Q+ 1-0

[Event "España ch Universitario 2007"]
[Site "Cartagena ESP"]
[Date "2007.05.08"]
[Round "4.8"]
[White "Garrido Dominguez, Jesus"]
[Black "Perez De Miguel, Alvaro"]
[Result "1/2-1/2"]
[WhiteElo "2347"]
[BlackElo "2098"]
[PlyCount "107"]
[EventDate "2007.05.06"]
[EventType "swiss"]
[EventRounds "9"]
[EventCountry "ESP"]
[Source "lmi"]
[SourceDate "2007.05.06"]

1. e4 c6 2. c4 d5 3. cxd5 cxd5 4. exd5 Nf6 5. Nc3 Nxd5 6. Nf3 Nc6 7. d4 Bg4 8.
h3 Bxf3 9. Qxf3 e6 10. Bb5 Be7 11. O-O Rc8 12. Rd1 O-O 13. Nxd5 Qxd5 14. Qxd5
exd5 15. Be3 Bf6 16. Rac1 a6 17. Be2 Nxd4 18. Bxd4 Rxc1 19. Rxc1 Bxd4 20. Rc7
b5 21. b4 g6 22. Rc6 Ra8 23. Bf3 a5 24. Bxd5 axb4 25. Rd6 Ra7 26. g4 Kf8 27.
Bb3 Bc3 28. Rb6 Re7 29. Rxb5 Re5 30. Rb8+ Re8 31. Rb6 Re7 32. Rb5 Re5 33. Bd5
Bd4 34. Kf1 g5 35. Rb8+ Kg7 36. Bb3 Bc5 37. Rb7 Re7 38. Rb5 Re5 39. Kg2 Kg6 40.
Bc4 Kg7 41. h4 h6 42. h5 Kf6 43. Kf3 Kg7 44. Rb8 Re7 45. Rc8 Re5 46. Rc7 Be7
47. Bd3 Bc5 48. Be4 Kf6 49. Bf5 Kg7 50. Rd7 Kf6 51. Kg3 Re2 52. Bd3 Rxf2 53.
Rd5 Ba7 54. Rf5+ 1/2-1/2

[Event "España ch Universitario 2007"]
[Site "Cartagena ESP"]
[Date "2007.05.08"]
[Round "4.9"]
[White "Torrado Quintela, Julio"]
[Black "Martinez Martin, David"]
[Result "0-1"]
[WhiteElo "2184"]
[BlackElo "2403"]
[PlyCount "76"]
[EventDate "2007.05.06"]
[EventType "swiss"]
[EventRounds "9"]
[EventCountry "ESP"]
[Source "lmi"]
[SourceDate "2007.05.06"]

1. e4 c5 2. Nf3 d6 3. d4 Nf6 4. Nc3 cxd4 5. Nxd4 g6 6. Be2 Bg7 7. O-O O-O 8. f4
Nc6 9. Nb3 b5 10. Bf3 b4 11. Nd5 Nxd5 12. exd5 Na5 13. Kh1 Nc4 14. Nd4 Bb7 15.
f5 Qb6 16. c3 bxc3 17. bxc3 Qa5 18. Qd3 Ne5 19. Qe3 Bxd5 20. Be2 Rac8 21. Bd2
Bc4 22. fxg6 hxg6 23. Qh3 Bxe2 24. Nxe2 Qb5 25. Ng3 Qd7 26. Qh4 Rc4 27. Qg5 Rg4
28. Qe3 Nc4 29. Qd3 Rc8 30. Be1 Ne5 31. Qe2 Qe6 32. Bf2 Rxc3 33. Bxa7 Ra4 34.
Bg1 Qc4 35. Qd2 Rc2 36. Qg5 Qc6 37. Bf2 Bf6 38. Qe3 Ng4 0-1

[Event "España ch Universitario 2007"]
[Site "Cartagena ESP"]
[Date "2007.05.08"]
[Round "4.10"]
[White "Reinaldo Castineira, Roi"]
[Black "Sarralde Osua, Rodrigo"]
[Result "1-0"]
[WhiteElo "2452"]
[BlackElo "2139"]
[PlyCount "69"]
[EventDate "2007.05.06"]
[EventType "swiss"]
[EventRounds "9"]
[EventCountry "ESP"]
[Source "lmi"]
[SourceDate "2007.05.06"]

1. e4 e5 2. Nf3 Nf6 3. Nxe5 d6 4. Nf3 Nxe4 5. d4 d5 6. Bd3 Bd6 7. O-O O-O 8. c4
c6 9. Nc3 Nxc3 10. bxc3 dxc4 11. Bxc4 Bg4 12. Qd3 Bh5 13. Ng5 Bg6 14. Qf3 Qd7
15. Re1 Na6 16. Ne4 Rae8 17. Bd2 Bxe4 18. Rxe4 Rxe4 19. Qxe4 Re8 20. Qf3 Nc7
21. g3 Ne6 22. Rb1 Re7 23. Be3 b6 24. Rd1 Qe8 25. h4 h6 26. Qg4 Kh8 27. Qh5 Qb8
28. Kg2 Nd8 29. Bg5 Re8 30. Bxd8 Qxd8 31. Qxf7 Re7 32. Qg6 Qd7 33. Bd3 Kg8 34.
Qh7+ Kf8 35. Bc4 1-0

[Event "España ch Universitario 2007"]
[Site "Cartagena ESP"]
[Date "2007.05.08"]
[Round "4.11"]
[White "Peña Gomez, Manuel"]
[Black "Gomez Olivares, Alejandro"]
[Result "1-0"]
[WhiteElo "2331"]
[BlackElo "1979"]
[PlyCount "151"]
[EventDate "2007.05.06"]
[EventType "swiss"]
[EventRounds "9"]
[EventCountry "ESP"]
[Source "lmi"]
[SourceDate "2007.05.06"]

1. c4 e6 2. Nf3 d5 3. g3 Nf6 4. Bg2 c6 5. O-O Bd6 6. b3 O-O 7. d4 Nbd7 8. Bb2
Re8 9. Ne5 Qe7 10. Nd2 c5 11. Nxd7 Nxd7 12. cxd5 exd5 13. Bxd5 Qxe2 14. Ne4
Rxe4 15. Bxe4 Qxb2 16. dxc5 Bxc5 17. Rc1 Qf6 18. Qd5 Bb6 19. Rxc8+ Rxc8 20.
Qxd7 Rd8 21. Qxb7 g6 22. a4 Rd2 23. Qb8+ Kg7 24. Qf4 Qxf4 25. gxf4 Rd4 26. Bf3
Rxf4 27. Kg2 Rd4 28. Bc6 a5 29. Bb5 Rf4 30. f3 Bc5 31. Rc1 Bb4 32. Rc7 g5 33.
Bc4 h6 34. Rd7 Rf6 35. h3 Rf4 36. Kf2 Rf6 37. Ke3 Rf4 38. Bd5 Rf6 39. Rb7 Be1
40. Kd3 Rd6 41. Kc4 Rf6 42. Rd7 Kf8 43. Kb5 Rf5 44. Kb6 Rf6+ 45. Bc6 Bb4 46.
Rd4 Be1 47. Rd8+ Kg7 48. Ra8 Rf5 49. Kc7 Rc5 50. Kd7 Rf5 51. Ra7 Bb4 52. Rb7
Be1 53. Be4 Rf6 54. Bd5 Rf5 55. Be4 Rf6 56. Rb5 Bd2 57. Bf5 Be1 58. Bg4 Kg6 59.
Ke7 Rf4 60. Rb6+ Kg7 61. Bh5 Rb4 62. Rb5 Rf4 63. Ke8 Rf6 64. Bg4 Kg6 65. Ke7
Kg7 66. Rb7 Bd2 67. Ke8 Be1 68. Re7 Bb4 69. Re2 Kg6 70. h4 h5 71. hxg5 Kxg5 72.
Re5+ Kg6 73. Bxh5+ Kg7 74. Bg4 Kg6 75. Rb5 Be1 76. Kf8 1-0

[Event "España ch Universitario 2007"]
[Site "Cartagena ESP"]
[Date "2007.05.08"]
[Round "4.12"]
[White "Martinez Piqueras, Carlos Gustavo"]
[Black "Serna Lara, Sergio"]
[Result "0-1"]
[WhiteElo "2090"]
[BlackElo "2251"]
[PlyCount "38"]
[EventDate "2007.05.06"]
[EventType "swiss"]
[EventRounds "9"]
[EventCountry "ESP"]
[Source "lmi"]
[SourceDate "2007.05.06"]

1. d4 d5 2. c4 c6 3. Nf3 Nf6 4. g3 Bf5 5. Nc3 e6 6. Bg2 Nbd7 7. cxd5 cxd5 8.
Bf4 Qb6 9. Qb3 Rc8 10. O-O Be7 11. Rfc1 O-O 12. Qxb6 Nxb6 13. Ne5 h6 14. a4 Nc4
15. b3 Na5 16. Na2 Nxb3 17. Rxc8 Rxc8 18. Re1 Nxd4 19. Be3 Nc2 0-1

[Event "España ch Universitario 2007"]
[Site "Cartagena ESP"]
[Date "2007.05.08"]
[Round "4.13"]
[White "Pavon Cardenas, Jesus M"]
[Black "Lara Lopez, Jose"]
[Result "0-1"]
[WhiteElo "2122"]
[BlackElo "2173"]
[PlyCount "76"]
[EventDate "2007.05.06"]
[EventType "swiss"]
[EventRounds "9"]
[EventCountry "ESP"]
[Source "lmi"]
[SourceDate "2007.05.06"]

1. e4 e6 2. d4 d5 3. e5 c5 4. c3 Qb6 5. Nf3 Nc6 6. a3 a5 7. Bd3 Bd7 8. Bc2 f5
9. O-O c4 10. b3 cxb3 11. Bxb3 Nce7 12. a4 Rc8 13. Ba3 Ng6 14. Bxf8 Nxf8 15.
Qc2 Ne7 16. Nbd2 Nfg6 17. c4 O-O 18. Qa2 Nf4 19. Bc2 Ne2+ 20. Kh1 Nxd4 21. Rab1
Qa7 22. Nxd4 Qxd4 23. Rxb7 Qxd2 24. Rxd7 Nc6 25. cxd5 Nb4 26. Qb3 Rc3 27. dxe6
Qxc2 28. Qxc2 Rxc2 29. e7 Re8 30. e6 Rcc8 31. g4 fxg4 32. Rfd1 Nc6 33. R1d6
Nxe7 34. Ra6 Nf5 35. Rxa5 Nh4 36. h3 gxh3 37. Kh2 Rc3 38. e7 Nf3+ 0-1

[Event "España ch Universitario 2007"]
[Site "Cartagena ESP"]
[Date "2007.05.08"]
[Round "4.14"]
[White "Gonzalez Menendez, Ivan"]
[Black "Gonzalez Merino, Francisco"]
[Result "1/2-1/2"]
[WhiteElo "2401"]
[BlackElo "2159"]
[PlyCount "67"]
[EventDate "2007.05.06"]
[EventType "swiss"]
[EventRounds "9"]
[EventCountry "ESP"]
[Source "lmi"]
[SourceDate "2007.05.06"]

1. e4 e6 2. d4 d5 3. Nd2 dxe4 4. Nxe4 Nf6 5. Nxf6+ Qxf6 6. Nf3 Qd8 7. c3 c5 8.
Ne5 Nc6 9. Qf3 Nxe5 10. dxe5 Qc7 11. Bf4 Bd7 12. O-O-O Be7 13. Qg3 g5 14. Be3
O-O-O 15. Bd3 b5 16. Kb1 Bc6 17. Bc2 Bd5 18. f3 Qa5 19. Bb3 c4 20. Bc2 b4 21.
cxb4 Bxb4 22. Bc1 c3 23. b3 Ba3 24. Rd3 Bxc1 25. Rxc1 Bc4 26. Rxd8+ Rxd8 27.
Qg4 Bd5 28. Bxh7 Kb8 29. Qxg5 Bxb3 30. axb3 Rd2 31. Qg8+ Rd8 32. Qg5 Rd2 33.
Qg8+ Rd8 34. Qg5 1/2-1/2

[Event "España ch Universitario 2007"]
[Site "Cartagena ESP"]
[Date "2007.05.08"]
[Round "4.15"]
[White "Ibarra Jerez, Juan Miguel"]
[Black "Antoli Royo, Joaquin Miguel"]
[Result "0-1"]
[WhiteElo "2152"]
[BlackElo "2356"]
[PlyCount "52"]
[EventDate "2007.05.06"]
[EventType "swiss"]
[EventRounds "9"]
[EventCountry "ESP"]
[Source "lmi"]
[SourceDate "2007.05.06"]

1. e4 c5 2. Nf3 Nc6 3. d4 cxd4 4. Nxd4 Qc7 5. Nc3 e6 6. g3 a6 7. Bg2 h5 8. h3
Nf6 9. O-O Bc5 10. Nb3 Ba7 11. Bf4 Ne5 12. Nd4 b5 13. a4 bxa4 14. Rxa4 d6 15.
Ndb5 axb5 16. Nxb5 Qd7 17. Nxd6+ Ke7 18. Rxa7 Rxa7 19. Bxe5 Rd8 20. Qf3 Qc6 21.
Rd1 Qxc2 22. Bd4 Rxd6 23. e5 Rxd4 24. exf6+ gxf6 25. Rxd4 Ra1+ 26. Kh2 Qc1 0-1

[Event "España ch Universitario 2007"]
[Site "Cartagena ESP"]
[Date "2007.05.08"]
[Round "4.16"]
[White "Camacho Collados, Jose"]
[Black "Mengual Bolo, Carlos"]
[Result "0-1"]
[WhiteElo "2308"]
[BlackElo "2145"]
[PlyCount "100"]
[EventDate "2007.05.06"]
[EventType "swiss"]
[EventRounds "9"]
[EventCountry "ESP"]
[Source "lmi"]
[SourceDate "2007.05.06"]

1. e4 c5 2. Nf3 d6 3. d4 cxd4 4. Nxd4 Nf6 5. Nc3 g6 6. h3 Bg7 7. g4 Nc6 8. Nde2
O-O 9. Bg2 Be6 10. O-O Rc8 11. Ng3 Qa5 12. Nd5 Bxd5 13. exd5 Nb4 14. c3 Nbxd5
15. g5 Nxc3 16. bxc3 Nd7 17. Rb1 b6 18. Rb3 Rc7 19. Ra3 Qc5 20. Re1 Ne5 21. Ne4
Qb5 22. Rb3 Qa5 23. Ra3 Qb5 24. Rb3 Qa5 25. Qe2 Nc4 26. Nd2 Qxa2 27. Rb4 Nxd2
28. Bxd2 e6 29. Qd3 d5 30. h4 Rfc8 31. Re3 Bxc3 32. Bxc3 Rxc3 33. Qd4 Rc1+ 34.
Bf1 Qa6 35. Qd3 Qa1 36. Rb3 Rxf1+ 37. Kg2 Rg1+ 38. Kf3 Qd1+ 39. Qxd1 Rxd1 40.
Kf4 Rc4+ 41. Ke5 Rxh4 42. Rec3 Rc4 43. Rh3 Rdd4 44. Ra3 a5 45. Rab3 Rb4 46.
Rbf3 Rg4 47. Kf6 Rbf4+ 48. Ke7 Rxf3 49. Rxf3 Rxg5 50. Rb3 Rf5 0-1

[Event "España ch Universitario 2007"]
[Site "Cartagena ESP"]
[Date "2007.05.08"]
[Round "4.17"]
[White "Ivanovich Balsinde, Nicholas"]
[Black "Pallardo Lozoya, Jose Vicente"]
[Result "0-1"]
[WhiteElo "2151"]
[BlackElo "2304"]
[PlyCount "126"]
[EventDate "2007.05.06"]
[EventType "swiss"]
[EventRounds "9"]
[EventCountry "ESP"]
[Source "lmi"]
[SourceDate "2007.05.06"]

1. e4 e6 2. d4 d5 3. Nc3 Nf6 4. Bg5 Be7 5. e5 Nfd7 6. Bxe7 Qxe7 7. Qg4 O-O 8.
Bd3 f5 9. exf6 Nxf6 10. Qh4 Qb4 11. O-O-O c5 12. a3 Qa5 13. dxc5 Nbd7 14. Nf3
Nxc5 15. Rhe1 Bd7 16. g4 Rac8 17. Ne5 d4 18. Nxd7 Nxd3+ 19. Rxd3 dxc3 20. Nxf6+
Rxf6 21. Red1 cxb2+ 22. Kb1 Rff8 23. Rh3 h6 24. Rhd3 Kh7 25. Qe7 Rxf2 26. Qxe6
Rfxc2 27. Qe4+ Kh8 28. Rd8+ Rxd8 29. Rxd8+ Qxd8 30. Qxc2 Qb6 31. h3 Kg8 32. Qe2
a6 33. Qe8+ Kh7 34. Qe2 Qf6 35. Ka2 b5 36. Kb1 Kg6 37. h4 Qxh4 38. Qe4+ Kf7 39.
Qd5+ Kf8 40. Qa8+ Ke7 41. Qe4+ Kd6 42. Qf4+ Kc6 43. Qe4+ Kd7 44. Qd4+ Ke8 45.
Qxg7 Qg5 46. Qh8+ Ke7 47. Qh7+ Kd6 48. Kxb2 Qf6+ 49. Kb1 Kc5 50. Qc7+ Kd4 51.
Qg3 Qf1+ 52. Kc2 Qc4+ 53. Kb2 Qe2+ 54. Kb3 Qe3+ 55. Qxe3+ Kxe3 56. Kb4 Kf4 57.
Ka5 Kxg4 58. Kxa6 h5 59. Kxb5 h4 60. a4 h3 61. a5 h2 62. a6 h1=Q 63. Kb6 Qa8
0-1

[Event "España ch Universitario 2007"]
[Site "Cartagena ESP"]
[Date "2007.05.08"]
[Round "4.18"]
[White "Cardona Cervera, Joaquin"]
[Black "Claros Egea, Christian"]
[Result "1/2-1/2"]
[WhiteElo "2148"]
[BlackElo "2273"]
[PlyCount "65"]
[EventDate "2007.05.06"]
[EventType "swiss"]
[EventRounds "9"]
[EventCountry "ESP"]
[Source "lmi"]
[SourceDate "2007.05.06"]

1. e4 c5 2. Nf3 d6 3. d4 cxd4 4. Nxd4 Nf6 5. Nc3 a6 6. Be2 e5 7. Nb3 Be7 8. O-O
O-O 9. Be3 Nbd7 10. f4 b6 11. Bf3 Bb7 12. Qe1 Qc7 13. Rd1 b5 14. a3 Nb6 15. Nd2
Nfd7 16. Qf2 exf4 17. Bxf4 Ne5 18. Be2 Bf6 19. Be3 Nbd7 20. Bd4 Nc5 21. Nd5
Bxd5 22. exd5 Ncd7 23. c3 Ng6 24. Bd3 Bxd4 25. Qxd4 Nf6 26. Nf3 Qa7 27. Bxg6
hxg6 28. Rfe1 Qxd4+ 29. Nxd4 Rfe8 30. Nc6 Rxe1+ 31. Rxe1 Nxd5 32. Ne7+ Nxe7 33.
Rxe7 1/2-1/2

[Event "España ch Universitario 2007"]
[Site "Cartagena ESP"]
[Date "2007.05.08"]
[Round "4.19"]
[White "Rada Equiza, Miguel"]
[Black "Pita-Romero Rodriguez, Rafael"]
[Result "1/2-1/2"]
[WhiteElo "2261"]
[BlackElo "2135"]
[PlyCount "58"]
[EventDate "2007.05.06"]
[EventType "swiss"]
[EventRounds "9"]
[EventCountry "ESP"]
[Source "lmi"]
[SourceDate "2007.05.06"]

1. d4 f5 2. e4 fxe4 3. Nc3 Nf6 4. Bg5 Nc6 5. Nh3 d6 6. d5 Bxh3 7. gxh3 Ne5 8.
Bg2 Qd7 9. Qe2 Nf3+ 10. Bxf3 exf3 11. Qxf3 O-O-O 12. O-O-O e5 13. dxe6 Qxe6 14.
Rhe1 Qf7 15. Nd5 h6 16. Nxf6 Be7 17. Qf5+ Kb8 18. h4 Bxf6 19. Bxf6 gxf6 20. Re6
Rhe8 21. Rde1 Rxe6 22. Rxe6 Re8 23. Rxf6 Qxa2 24. Rf8 Qa1+ 25. Kd2 Qe1+ 26. Kd3
Qe2+ 27. Kc3 c6 28. Qf7 Qe5+ 29. Kd3 Qe2+ 1/2-1/2